[Event "CHI-ch (Women)"]
[Site "Santiago de Chile"]
[Date "2017.01.03"]
[Round "1"]
[White "Bernal Hurtado, Constanza"]
[Black "Mena Contreras, Winslia"]
[Result "1-0"]
[WhiteElo "1726"]
[BlackElo "1340"]
[PlyCount "54"]
[EventDate "2017.01.03"]
[EventType "swiss"]
[EventRounds "9"]
[EventCountry "CHI"]
[SourceTitle "CBM 176 Extra"]
[Source "ChessBase"]
[SourceDate "2017.03.02"]
[SourceVersion "1"]
[SourceVersionDate "2017.03.02"]
[SourceQuality "1"]

1. d4 d5 2. Nf3 Nc6 3. Bf4 Bf5 4. e3 a6 5. c4 e6 6. Nc3 Nf6 7. Be2 Bd6 8. Bg3 Bxg3 9. hxg3 Nb4 10. Qa4+ Nc6 11. Ne5 0-0 12. Nxc6 bxc6 13. Qxc6 Ne4 14. cxd5 Nxc3 15. Qxc3 exd5 16. Rc1 Ra7 17. 0-0 Re8 18. Qc5 Rb7 19. Bxa6 Rxb2 20. Bb5 Re7 21. a4 Bc8 22. Rfd1 Rxe3 23. fxe3 Qf6 24. Rc2 Rb3 25. Qxc7 g6 26. Qxc8+ Kg7 27. Rf2 Qg5 1-0

[Event "Olympiad Women-42"]
[Site "Baku"]
[Date "2016.09.09"]
[Round "7.4"]
[White "Berezovsky, Fiorina"]
[Black "Bernal Hurtado, Constanza"]
[Result "1-0"]
[WhiteElo "1096"]
[BlackElo "1779"]
[PlyCount "111"]
[EventDate "2016.09.02"]
[EventType "team-swiss"]
[EventRounds "11"]
[EventCountry "AZE"]
[SourceTitle "CBM 174 Extra"]
[Source "ChessBase"]
[SourceDate "2016.10.10"]
[SourceVersion "1"]
[SourceVersionDate "2016.10.10"]
[SourceQuality "1"]
[WhiteTeam "Monaco (W)"]
[BlackTeam "Chile (W)"]
[WhiteTeamCountry "MNC"]
[BlackTeamCountry "CHI"]

1. e4 d6 2. d4 Nf6 3. Nc3 e5 4. Nf3 Nbd7 5. Bc4 Be7 6. Ng5 0-0 7. Bxf7+ Rxf7 8. Ne6 Qe8 9. Nxc7 Qd8 10. Nxa8 b6 11. Nxb6 Qxb6 12. d5 Ba6 13. b3 Qb4 14. Bd2 Nxe4 15. Nxe4 Qxe4+ 16. Be3 Qxg2 17. Kd2 Qxd5+ 18. Kc1 Qxd1+ 19. Rxd1 Nb6 20. a4 Bf8 21. Kb2 Rd7 22. f4 e4 23. Re1 d5 24. Rad1 g6 25. Bd4 Bb7 26. c3 Bh6 27. Rf1 Re7 28. f5 Rf7 29. fxg6 hxg6 30. Rxf7 Kxf7 31. Rf1+ Ke7 32. Rf6 e3 33. Rf1 Bc8 34. Re1 Kd6 35. Bxe3 Bxe3 36. Rxe3 Bf5 37. a5 Nd7 38. b4 Ne5 39. Kb3 Nd7 40. c4 d4 41. Re2 d3 42. Rd2 Ne5 43. Kc3 Nf3 44. Rd1 Nxh2 45. Kd4 Nf3+ 46. Ke3 Ne5 47. Kd4 Nc6+ 48. Kc3 g5 49. a6 g4 50. Rf1 Ke5 51. b5 Nb8 52. Re1+ Be4 53. c5 g3 54. c6 g2 55. c7 d2 56. Kxd2 1-0

[Event "South America-ch U20 Girls 11th"]
[Site "Barrancabermeja"]
[Date "2015.04.27"]
[Round "8"]
[White "Bernal Hurtado, Constanza"]
[Black "Caballero Quijano, Mitzy Mishell"]
[Result "1/2-1/2"]
[WhiteElo "1770"]
[BlackElo "1894"]
[PlyCount "79"]
[EventDate "2015.04.22"]
[EventType "swiss"]
[EventRounds "9"]
[EventCountry "COL"]
[SourceTitle "CBM 166 Extra"]
[Source "ChessBase"]
[SourceDate "2015.06.18"]
[SourceVersion "1"]
[SourceVersionDate "2015.06.18"]
[SourceQuality "1"]

1. d4 d6 2. Nf3 g6 3. Bf4 Bg7 4. e3 Nd7 5. Be2 e5 6. Bg3 Qe7 7. 0-0 Ngf6 8. h3 0-0 9. c3 c6 10. a4 Ne4 11. Bh2 f5 12. Nbd2 Nxd2 13. Qxd2 e4 14. Ne1 Nf6 15. Nc2 Bh6 16. b4 Rf7 17. Na3 Be6 18. Nc4 Rd8 19. Rfb1 g5 20. b5 Bxc4 21. Bxc4 d5 22. Ba2 Ne8 23. Qe2 f4 24. exf4 gxf4 25. f3 e3 26. Kh1 Rg7 27. Rg1 Qh4 28. Qe1 Qh5 29. Qf1 Nd6 30. g3 fxg3 31. Rxg3 Nf5 32. Rxg7+ Bxg7 33. Re1 Bh6 34. Qg2+ Kf7 35. Qg4 Qxg4 36. fxg4 Nd6 37. Bb1 cxb5 38. Bxd6 Rxd6 39. axb5 Bf4 40. Kg2 1/2-1/2

[Event "South America-ch U20 Girls 11th"]
[Site "Barrancabermeja"]
[Date "2015.04.24"]
[Round "3"]
[White "Cespedes Galindo, Estefania"]
[Black "Bernal Hurtado, Constanza"]
[Result "1-0"]
[WhiteElo "1730"]
[BlackElo "1770"]
[PlyCount "46"]
[EventDate "2015.04.22"]
[EventType "swiss"]
[EventRounds "9"]
[EventCountry "COL"]
[SourceTitle "CBM 166 Extra"]
[Source "ChessBase"]
[SourceDate "2015.06.18"]
[SourceVersion "1"]
[SourceVersionDate "2015.06.18"]
[SourceQuality "1"]

1. d4 d6 2. c4 Nf6 3. Nc3 Nbd7 4. e4 e5 5. Be3 Be7 6. Nf3 0-0 7. Be2 c6 8. 0-0 Qc7 9. h3 b6 10. d5 Bb7 11. Rc1 Rfd8 12. b4 a6 13. dxc6 Bxc6 14. Nd5 Bxd5 15. cxd5 Qb7 16. Qd3 b5 17. Rc6 Nb8 18. Rc3 Rc8 19. Rfc1 Rxc3 20. Rxc3 Ne8 21. Qc2 Nd7 22. Nd2 Bd8 23. Bg4 g6 1-0

[Event "CHI-ch U20 Girls"]
[Site "San Carlos"]
[Date "2015.02.11"]
[Round "3"]
[White "Bernal Hurtado, Constanza"]
[Black "Jorquera Cabello, Valentina Paz"]
[Result "0-1"]
[WhiteElo "1775"]
[BlackElo "2000"]
[PlyCount "108"]
[EventDate "2015.02.10"]
[EventType "tourn"]
[EventRounds "7"]
[EventCountry "CHI"]
[SourceTitle "CBM 164 Extra"]
[Source "ChessBase"]
[SourceDate "2015.03.02"]
[SourceVersion "1"]
[SourceVersionDate "2015.03.02"]
[SourceQuality "1"]

1. d4 Nf6 2. Nf3 g6 3. Bf4 Bg7 4. e3 d6 5. Be2 0-0 6. h3 Nfd7 7. c4 e5 8. Bh2 Nc6 9. Nc3 f5 10. 0-0 h6 11. Rc1 Kh7 12. Nd5 exd4 13. exd4 Nf6 14. Re1 Nxd5 15. cxd5 Ne7 16. Bc4 Bd7 17. Re2 b5 18. Bb3 a5 19. a3 f4 20. Qd3 Ng8 21. Bc2 Rf5 22. Bxf4 Nf6 23. Bg3 Nh5 24. Bh2 Qf6 25. Qc3 Rxd5 26. Be4 Re8 27. Bxd5 Rxe2 28. Qxc7 Nf4 29. Bxf4 Qxf4 30. Rd1 Qf5 31. Bb7 Qc2 32. Qxc2 Rxc2 33. Rd2 Rxd2 34. Nxd2 Bxd4 35. b3 Bb2 36. Bd5 Bxa3 37. Kf1 Kg7 38. Ne4 Bb4 39. Ke2 Kf8 40. g4 Ke7 41. f4 a4 42. bxa4 bxa4 43. Nf2 a3 44. Nd3 Bc3 45. Nc1 Bb2 46. Kd2 Be6 47. Bxe6 Kxe6 48. Na2 Kd5 49. Kd3 Kc5 50. f5 gxf5 51. gxf5 Kd5 52. Nb4+ Ke5 53. Kc4 Kxf5 54. Kd5 Be5 0-1

[Event "CHI-ch U20 Girls"]
[Site "San Carlos"]
[Date "2015.02.11"]
[Round "2"]
[White "Vildosola Canales, Melany Selena"]
[Black "Bernal Hurtado, Constanza"]
[Result "0-1"]
[WhiteElo "1412"]
[BlackElo "1775"]
[PlyCount "56"]
[EventDate "2015.02.10"]
[EventType "tourn"]
[EventRounds "7"]
[EventCountry "CHI"]
[SourceTitle "CBM 164 Extra"]
[Source "ChessBase"]
[SourceDate "2015.03.02"]
[SourceVersion "1"]
[SourceVersionDate "2015.03.02"]
[SourceQuality "1"]

1. e4 d6 2. d4 Nf6 3. Nd2 e5 4. c3 Be7 5. Bc4 0-0 6. Ngf3 Nbd7 7. 0-0 b6 8. Bb3 Bb7 9. Bc2 c6 10. Re1 Qc7 11. Nf1 h6 12. Ng3 Rfe8 13. Nh4 Nf8 14. Nhf5 Ne6 15. Nh5 Nxh5 16. Qxh5 Bg5 17. Bxg5 Nxg5 18. h4 Ne6 19. Re3 Kh7 20. Rg3 f6 21. Nxh6 gxh6 22. Qf5+ Kh8 23. Qxf6+ Ng7 24. Qxh6+ Kg8 25. Re1 Qd7 26. d5 c5 27. Ree3 Rf8 28. Ba4 Qe7 0-1

[Event "CHI-ch (Women)"]
[Site "Santiago de Chile"]
[Date "2015.01.17"]
[Round "8"]
[White "Bernal Hurtado, Constanza"]
[Black "Jorquera Cabello, Valentina Paz"]
[Result "1-0"]
[WhiteElo "1718"]
[BlackElo "2016"]
[PlyCount "171"]
[EventDate "2015.01.13"]
[EventType "swiss"]
[EventRounds "9"]
[EventCountry "CHI"]
[SourceTitle "CBM 164 Extra"]
[Source "ChessBase"]
[SourceDate "2015.03.02"]
[SourceVersion "1"]
[SourceVersionDate "2015.03.02"]
[SourceQuality "1"]

1. d4 Nf6 2. Nf3 g6 3. Bf4 Bg7 4. e3 d6 5. h3 0-0 6. Be2 Nfd7 7. c3 e5 8. dxe5 dxe5 9. Bh2 Nc6 10. e4 h6 11. 0-0 Qe7 12. Nbd2 f5 13. exf5 gxf5 14. Ne1 Nb6 15. Qc2 Be6 16. Nd3 f4 17. Ne4 Bf5 18. Bf3 Kh8 19. Kh1 Qf7 20. Qe2 Rad8 21. Ndc5 Rb8 22. Rfd1 Nd7 23. Nxd7 Bxd7 24. b3 Bf5 25. Rd2 Rfd8 26. Rad1 Rxd2 27. Rxd2 Qe7 28. Bg4 Bxg4 29. Qxg4 Rd8 30. Qe2 b6 31. Rxd8+ Nxd8 32. Nd2 Qa3 33. Ne4 Qc1+ 34. Bg1 Ne6 35. Qc4 Nf8 36. Qa6 f3 37. gxf3 Qf4 38. Qe2 Ng6 39. Bh2 Qf5 40. Qf1 Nh4 41. Nd2 Nxf3 42. Nxf3 Qxf3+ 43. Qg2 Qd1+ 44. Bg1 Qd8 45. Qf3 a5 46. Bh2 Qd6 47. Qa8+ Kh7 48. Qe4+ Kg8 49. Qe2 Qd5+ 50. Kg1 e4 51. c4 Qd3 52. Qxd3 exd3 53. Kf1 c6 54. Bc7 Bd4 55. Ke1 Bc3+ 56. Kd1 b5 57. cxb5 cxb5 58. Bf4 h5 59. Bd2 b4 60. Be3 Kf7 61. Bh6 a4 62. bxa4 Ke7 63. a5 Kd7 64. a6 Kc6 65. Be3 Kc7 66. f4 Kc6 67. f5 Kc7 68. f6 Bxf6 69. Kd2 Bc3+ 70. Kxd3 Bf6 71. Bd2 Kb6 72. Bxb4 Kxa6 73. Ke4 Kb5 74. a3 Ka4 75. Kf5 Bd8 76. Kg6 h4 77. Kh5 Bf6 78. Be1 Kxa3 79. Bxh4 Bc3 80. Kg6 Kb3 81. Bg3 Kc4 82. h4 Kd5 83. Bf4 Ke6 84. h5 Ke7 85. h6 Ke8 86. h7 1-0

[Event "CHI-ch (Women)"]
[Site "Santiago de Chile"]
[Date "2015.01.17"]
[Round "7"]
[White "Gomez Barrera, Javiera Belen"]
[Black "Bernal Hurtado, Constanza"]
[Result "1/2-1/2"]
[WhiteElo "1783"]
[BlackElo "1718"]
[PlyCount "79"]
[EventDate "2015.01.13"]
[EventType "swiss"]
[EventRounds "9"]
[EventCountry "CHI"]
[SourceTitle "CBM 164 Extra"]
[Source "ChessBase"]
[SourceDate "2015.03.02"]
[SourceVersion "1"]
[SourceVersionDate "2015.03.02"]
[SourceQuality "1"]

1. e4 e6 2. d4 d5 3. Nc3 dxe4 4. Nxe4 Nd7 5. Nf3 Ngf6 6. Bg5 Be7 7. Nxf6+ Bxf6 8. Bxf6 Qxf6 9. Bd3 0-0 10. Qe2 Nb6 11. 0-0 Nd5 12. Qe4 g6 13. Ne5 Nf4 14. Qf3 Nh5 15. Be4 Qxf3 16. Bxf3 Nf6 17. Nd3 Rb8 18. Rfe1 Rd8 19. c3 b6 20. Ne5 Bb7 21. Nc6 Bxc6 22. Bxc6 Rd6 23. Bf3 Rbd8 24. Rad1 Kg7 25. g3 c5 26. dxc5 Rxd1 27. Rxd1 Rxd1+ 28. Bxd1 bxc5 29. Bf3 Nd5 30. Kf1 Kf6 31. Ke2 Ke5 32. Kd3 Nb6 33. b3 f5 34. Bb7 Kd6 35. f4 e5 36. fxe5+ Kxe5 37. Bf3 g5 38. h3 Kd6 39. a3 Nd7 40. Ke3 1/2-1/2

[Event "CHI-ch (Women)"]
[Site "Santiago de Chile"]
[Date "2015.01.15"]
[Round "5"]
[White "Bernal Hurtado, Constanza"]
[Black "Henriquez Villagra, Patricia Gabriela"]
[Result "1-0"]
[WhiteElo "1718"]
[BlackElo "1576"]
[PlyCount "112"]
[EventDate "2015.01.13"]
[EventType "swiss"]
[EventRounds "9"]
[EventCountry "CHI"]
[SourceTitle "CBM 164 Extra"]
[Source "ChessBase"]
[SourceDate "2015.03.02"]
[SourceVersion "1"]
[SourceVersionDate "2015.03.02"]
[SourceQuality "1"]

1. d4 Nf6 2. Nf3 g6 3. Bf4 Bg7 4. e3 0-0 5. h3 d6 6. c4 Nfd7 7. Be2 Nc6 8. 0-0 e5 9. Bg3 Kh8 10. Qd2 f5 11. Nc3 e4 12. Ne1 g5 13. Nc2 Ne7 14. f3 exf3 15. Bxf3 Nf6 16. e4 f4 17. Bf2 Ng6 18. Qe2 Re8 19. Rad1 Qd7 20. Nb4 c6 21. Nd3 g4 22. hxg4 Nxg4 23. Qd2 Nxf2 24. Nxf2 Rf8 25. Ne2 Qe7 26. Nh3 Bxh3 27. gxh3 Nh4 28. Kh2 Bh6 29. Qd3 Rae8 30. Nc3 Rg8 31. Rg1 Rg3 32. Rxg3 fxg3+ 33. Kg1 g2 34. Re1 Rf8 35. Bxg2 Nxg2 36. Kxg2 Rg8+ 37. Kh1 Qg5 38. Qf3 Rf8 39. Qg2 Qh4 40. Rf1 Rg8 41. Qf3 Rf8 42. Qd3 Bf4 43. Ne2 Bh6 44. Rxf8+ Bxf8 45. Qf3 Bh6 46. Ng1 Bf4 47. Qg4 Qxg4 48. hxg4 Kg7 49. Kg2 d5 50. cxd5 cxd5 51. exd5 Bc1 52. b3 h6 53. Nf3 Kf6 54. Kf2 Ke7 55. Nh4 Kd6 56. Kf3 Kxd5 1-0